Geometric algebra

محفوظ في:
التفاصيل البيبلوغرافية
المؤلف الرئيسي: Artin, Emil (مؤلف)
التنسيق: كتاب
اللغة:الإنجليزية
منشور في: Nueva York Interscience 1957
سلاسل:Interscience tracts in pure and applied mathematics, 3
الموضوعات:
الوسوم: إضافة وسم
لا توجد وسوم, كن أول من يضع وسما على هذه التسجيلة!

MARC

LEADER 00000nam a2200000 a 4500
001 UCW1594
003 CL-VaPUC
008 920812e19570000US |||||||||||||||||eng|d
082 0 4 |a 516.35  |b ART  |2 21 
100 0 |a Artin, Emil  |e author  |9 305632 
245 1 0 |a Geometric algebra 
300 |a 214 p 
942 |c BK 
945 |d 19920812 00:00:00 
260 |a Nueva York  |b Interscience  |c 1957 
650 0 |a Geometría algebraica  |9 270327 
650 0 |a Geometría proyectiva   |9 262638 
650 7 |a GEOMETRIA AFIN  |2 CL-VaPUC  |9 271228 
583 |a last modification  |c 19920812 00:00:00  |k Rodrigo Vera 
490 0 |a Interscience tracts in pure and applied mathematics, 3 
999 |c 216468  |d 216466 
952 |0 0  |1 0  |4 0  |6 516_350000000000000_ART_1957  |7 0  |8 A  |9 202199  |a BIBMAT  |b BIBMAT  |d 2019-11-14  |i 2693194  |o 516.35 ART 1957  |p 2693194  |r 2025-01-07  |w 2019-11-14  |y BK  |k MAT